000
00321nam a22001337a 4500
020
_a
81-8052-061-7
041
_a
ENG
100
_a
Ghosh.M.K
245
_a
Measurement & Instrumentation Ttends & Applications
260
_a
New Delhi
_b
Ane Books India
_c
2008
300
_a
666
650
_a
EOES
856
_u
EOES ( 39 )
999
_c
1326
_d
1326